000 00613cam2a220021700 4500
001 zam00002341
008 951128s1980 xx eng u
035 _a(Sirsi) r87983
035 _a(MACHINE)SLC.
100 _aGwartney, J. D.
_6A47571.1
245 1 0 _aMacroeconomics :
_bprivate and public choice.
260 _c1980.
949 _aHB172.5
_wlcc
_mMAIN
_p2500
_tSHORTLOAN
_lSHORTLOAN
004 87983
591 _aClass code: EC 410.
591 _aCourse: Economic development.
591 _aSchool: S05.
591 _aLecturer: Mr. MWANZA, A.M.
591 _aNumber of Students: 105.
909 _aBook
999 _c8104
_d8104